| 000 | 01157njm a22002777a 4500 | ||
|---|---|---|---|
| 005 | 2010091508448.0 | ||
| 006 | a|||||r|||||00| 0 | ||
| 007 | sd ammalaaahaa | ||
| 008 | 100910t xxu||||| |||| 00| 0 eng d | ||
| 028 |
_aECSD. 02776 _bHis Master's Voice |
||
| 035 | _aGR-02737 | ||
| 040 |
_aSED _cSED |
||
| 100 |
_a Begum Akhtar _919365 |
||
| 245 |
_aGhazals / _c by Begum Akhtar ; Music by Murli Monahar Swarup; Lyric Khumar Barabankvi _h[sound recording] : |
||
| 260 |
_aDum Dum, India _bHis Master's Voice _c1977 |
||
| 300 |
_a1 sound disc [Gramophone Recording] : _banalog, 33 1/3 rpm ; _c12. in. (LP) _fGramaphone Records |
||
| 500 | _aBrief records | ||
| 500 | _aRecord Lables : His Master's Voice, Red | ||
| 505 | _aSide-1 (Sar Men Sauda Bhi nahin Dil men Tamanna Bhi nahin) (Firaq Gorakhpuri),--Side-2 (Jhunjhlae Hain Lajae Hain Phir Muskurae Hain) (Khumar Barabankvi) | ||
| 600 |
_aBegum Akhtar _919611 |
||
| 650 |
_2Excerpts. _aGhazals _bIndia _919366 |
||
| 700 |
_aMonahar, Murli _920206 |
||
| 700 |
_a Barabankvi, Khumar _920207 |
||
| 942 |
_2ddc _cGR |
||
| 999 |
_c45977 _d45977 |
||